00414nam a22001457a 450000500170000000800410001702000160005804100130007408200130008710000130010024500410011326000580015430000300021265000260024220240619115003.0240619b |||||||| |||| 00| 0 eng d a040685159X  aEnglish  a349 LAW  lEnglish  aThe All England Law Reports: Reprint aLondon: bButterworth and Co. Publishers Ltd, c1994  bxx, 1024 pages; c25 cm.  aLegal practice bLaw